Carregando...

House of Kanooru. Tr from the Kannada by Ramachandra Sharma and Padma Ramachandra Sharma. /

Detalhes bibliográficos
Autor principal: Kuvempu, Pseud, Ie Kuppalli Venk
Outros Autores: Ata Puttappa
Idioma:Undetermined
Publicado em: New Delhi : Penguin books , 1999.
Assuntos:
LEADER 00607nam a2200169Ia 4500
001 132890
008 170722s9999 xx 000 0 und d
020 |a 0140280820 
100 |a Kuvempu, Pseud, Ie Kuppalli Venk 
245 |a House of Kanooru. Tr from the Kannada by Ramachandra Sharma and Padma Ramachandra Sharma. / 
260 |a New Delhi :  |b Penguin books ,  |c 1999. 
300 |a vii+483  |c 22cms 
653 |a Kannada Novel 
700 |a Ata Puttappa 
942 |c GEN 
999 |c 119909  |d 119909 
952 |0 0  |1 0  |4 0  |6 O_333N04K_N9  |7 0  |9 169640  |a LIB  |b LIB  |d 2017-08-12  |o O33,3N04,K -N9  |p 235369  |r 2017-08-12  |v 295.00  |w 2017-08-12  |y GEN